🇬🇧 Les 12 drapeaux avec l’Union Jack (Pays et Régions) - Statistiques

Statistiques générales
  • Ce quiz a Ă©tĂ© pris 55 fois
  • Le rĂ©sultat moyen est 5 sur 12
Statistiques - réponses
Par images Réponse % Correct
Australie
100%
Nouvelle-Zélande
92%
Fidji
82%
Tuvalu
77%
ĂŽles Cook
62%
Niue (Nouvelle-Zélande)
41%
Hawaii (Etats-Unis)
31%
Colombie-Britannique (Canada)
18%
Tasmanie (Australie)
13%
Victoria
13%
Australie-Occidentale (Australie)
10%
Nouvelle-Galles du Sud (Australie)
8%
Aucun quiz correspondant
Distribution des résultats
% des personnes avec chaque résultat
Percentile par nombre de réponses
Votre historique - résultats
Vous n’avez pas pris ce quiz